| 000 | 00000nam##2200000za#4500 |
| 001 | 9.642992 |
| 003 | CaOODSP |
| 005 | 20210624223950 |
| 007 | cr ||||||||||| |
| 008 | 150407|2005||||xxc|||||o f|0| 0 fre|d |
| 040 | |aCaOODSP|bfre |
| 043 | |an-cn--- |
| 086 | 1 |aEn4-53/2005F-PDF |
| 110 | 1 |aCanada. |bEnvironnement Canada. |
| 245 | 10|aPreservation de la qualité de l'air dans un bassin atmosphérique transfrontalier - le bassin de Géorgie et Puget Sound, rapport de juin 2005 : |h[ressource électronique]|bprojet pilote dans le cadre de la Stratégie Canada - États-Unis sur la qualité de l'air transfrontalier / |c[publié] par Environnement Canada et l'Environmental Protection Agency (EPA) des États-Unis, avec la contribution de Santé Canada. |
| 260 | |aOttawa - Ontario : |bEnvironnement Canada |cJuin 2005. |
| 300 | |a77p.|bfigures en couleur, cartes en couleur, graphiques, tableaux |
| 500 | |a« Projet pilote dans le cadre de la Stratégie Canada-États-Unis sur la qualité de l'air transfrontalier »--Couverture. |
| 590 | |a14-08-Supp|b2014-04-10 |
| 691 | 07|aQualité de l'air|2gcpds |
| 775 | 08|tMaintaining air quality in a transboundary air basin - Georgia Basin-Puget Sound, 2005 report : |w(CaOODSP)9.699023 |
| 856 | 40|ahttp://publications.gc.ca|qPDF|s2.06 Mo|uhttps://publications.gc.ca/collections/collection_2014/ec/En4-53-2005-fra.pdf |